[Event "London Mindsports IM"]
[Site "London"]
[Date "2022.09.14"]
[Round "9"]
[White "Zapolskis, Antanas J"]
[Black "Holland, James P"]
[Result "1/2-1/2"]
[WhiteElo "2257"]
[BlackElo "2247"]
[PlyCount "52"]
[EventDate "2022.09.09"]
[EventType "tourn"]
[EventRounds "9"]
[EventCountry "ENG"]
[EventCategory "2"]
[SourceTitle "CBM 210 Extra"]
[Source "ChessBase"]
[SourceDate "2022.11.30"]
[SourceVersion "1"]
[SourceVersionDate "2022.11.30"]
[SourceQuality "1"]

1. e4 c5 2. Nf3 d6 3. d4 cxd4 4. Nxd4 Nf6 5. Nc3 g6 6. Be3 Bg7 7. f3 Nc6 8. Qd2 0-0 9. 0-0-0 d5 10. Kb1 Rb8 11. Ndb5 a6 12. exd5 axb5 13. dxc6 Qxd2 14. Rxd2 bxc6 15. Bf4 Ra8 16. a3 Be6 17. Bd3 Ra6 18. Ne4 Nxe4 19. fxe4 Ra7 20. Rhd1 b4 21. axb4 Rfa8 22. c4 Bc3 23. bxc3 Ra1+ 24. Kb2 R8a2+ 25. Kb3 Ra3+ 26. Kb2 R3a2+ 1/2-1/2

[Event "London Mindsports Rapid"]
[Site "London"]
[Date "2022.09.11"]
[Round "8.6"]
[White "Cherniaev, Alexander1111"]
[Black "Zapolskis, Antanas J"]
[Result "1-0"]
[WhiteElo "2267"]
[BlackElo "2224"]
[PlyCount "85"]
[EventDate "2022.09.11"]
[EventType "swiss (rapid)"]
[EventRounds "9"]
[EventCountry "ENG"]
[SourceTitle "CBM 210 Extra"]
[Source "ChessBase"]
[SourceDate "2022.11.30"]
[SourceVersion "1"]
[SourceVersionDate "2022.11.30"]
[SourceQuality "1"]

1. e4 c5 2. Nc3 Nc6 3. Bb5 Na5 4. Be2 e6 5. f4 a6 6. Nf3 b5 7. 0-0 Bb7 8. d3 Nc6 9. Qe1 Nd4 10. Bd1 Qc7 11. Kh1 Ne7 12. Nxd4 cxd4 13. Ne2 Nc6 14. Qf2 Bc5 15. c3 Qd6 16. e5 Qe7 17. cxd4 Ba7 18. a3 d6 19. Be3 0-0 20. Bb3 Rac8 21. Ba2 b4 22. Ng3 d5 23. Nh5 Kh8 24. f5 exf5 25. Nf4 Qd7 26. Bxd5 bxa3 27. bxa3 Ne7 28. e6 Qc7 29. Rac1 Qb8 30. Rb1 Nxd5 31. Nxd5 fxe6 32. Ne7 Rc7 33. Bf4 Qd8 34. Bxc7 Qxc7 35. Qh4 Rf6 36. Ng6+ Kg8 37. Ne5 Bd5 38. Rfc1 Qd8 39. Nc6 Bxg2+ 40. Kg1 Qd5 41. Ne7+ Kf7 42. Nxd5 Bxd5 43. Rc7+ 1-0

[Event "London Mindsports Rapid"]
[Site "London"]
[Date "2022.09.11"]
[Round "9.9"]
[White "Zapolskis, Antanas J"]
[Black "Landman, Aharon"]
[Result "1-0"]
[WhiteElo "2224"]
[BlackElo "1371"]
[PlyCount "149"]
[EventDate "2022.09.11"]
[EventType "swiss (rapid)"]
[EventRounds "9"]
[EventCountry "ENG"]
[SourceTitle "CBM 210 Extra"]
[Source "ChessBase"]
[SourceDate "2022.11.30"]
[SourceVersion "1"]
[SourceVersionDate "2022.11.30"]
[SourceQuality "1"]

1. e4 e5 2. Nf3 Nc6 3. Bc4 Nf6 4. d4 exd4 5. 0-0 Bc5 6. e5 d5 7. Bb5 Nd7 8. Bxc6 bxc6 9. Nxd4 0-0 10. Nxc6 Qh4 11. Be3 Bxe3 12. fxe3 Qe4 13. Qxd5 Qxe3+ 14. Kh1 Nb6 15. Qd4 Qxd4 16. Nxd4 Re8 17. Nc3 Rxe5 18. Rae1 Rxe1 19. Rxe1 Bb7 20. Ndb5 c5 21. Re7 Bc6 22. Nxa7 Kf8 23. Nxc6 Rc8 24. Rb7 Rxc6 25. a4 Nc4 26. Nd5 f6 27. b3 Na3 28. c4 Nb1 29. Kg1 Nd2 30. Kf2 Re6 31. a5 Ne4+ 32. Kf3 Nd2+ 33. Kg3 Nf1+ 34. Kf2 Nxh2 35. Rb6 Re8 36. a6 Ra8 37. Ne3 h5 38. Kg3 Ng4 39. Nxg4 hxg4 40. Kxg4 Kf7 41. Kf5 g6+ 42. Ke4 f5+ 43. Kd5 g5 44. Kxc5 f4 45. Kd5 g4 46. Ke4 f3 47. gxf3 g3 48. Kf5 g2 49. Rf6+ Ke7 50. Rg6 Rf8+ 51. Ke4 Rf6 52. Rxg2 Rxa6 53. b4 Ra4 54. Rb2 Ke6 55. Kd4 Ra8 56. b5 Rd8+ 57. Kc5 Rc8+ 58. Kb4 Kd6 59. Rd2+ Ke5 60. c5 Kf4 61. c6 Kxf3 62. Kc5 Ke3 63. Rd7 Ke4 64. b6 Ke5 65. b7 Rb8 66. Rc7 Rd8 67. Re7+ Kf6 68. Re4 Kf5 69. Rb4 Ke6 70. b8Q Rd5+ 71. Kb6 Rg5 72. Qe8+ Kf5 73. Qf7+ Ke5 74. Rb5+ Kd6 75. Qd7# 1-0

[Event "GBR-ch 108th"]
[Site "Torquay"]
[Date "2022.08.15"]
[Round "3"]
[White "Pert, Richard G"]
[Black "Zapolskis, Antanas J"]
[Result "1-0"]
[WhiteElo "2411"]
[BlackElo "2266"]
[PlyCount "67"]
[EventDate "2022.08.13"]
[EventType "swiss"]
[EventRounds "9"]
[EventCountry "ENG"]
[SourceTitle "CBM 209 Extra"]
[Source "ChessBase"]
[SourceDate "2022.09.30"]
[SourceVersion "1"]
[SourceVersionDate "2022.09.30"]
[SourceQuality "1"]

1. d4 d5 2. Nf3 c6 3. c4 Nf6 4. Nc3 dxc4 5. e4 b5 6. Be2 b4 7. Na4 Nxe4 8. Bxc4 e6 9. 0-0 Be7 10. Re1 Nf6 11. Bf4 Nbd7 12. Rc1 0-0 13. Bb3 Bb7 14. Qe2 Rc8 15. Bxe6 fxe6 16. Qxe6+ Rf7 17. Ng5 Qf8 18. Nxf7 Qxf7 19. Qxe7 Qxa2 20. Qxb4 Ba6 21. Nc5 Nd5 22. Qd2 Nxc5 23. dxc5 Bb5 24. Bd6 Qa6 25. Ra1 Qb7 26. Ra3 Qd7 27. Rg3 Re8 28. h4 Rxe1+ 29. Qxe1 Qf7 30. Rf3 Nf6 31. Be7 Bc4 32. Qe5 Qg6 33. Bxf6 gxf6 34. Qxf6 1-0

[Event "Southend Easter op 64th"]
[Site "Southend"]
[Date "2022.04.17"]
[Round "5"]
[White "Zapolskis, Antanas J"]
[Black "Sedykh, Mikhail"]
[Result "1-0"]
[WhiteElo "2265"]
[BlackElo "2117"]
[PlyCount "141"]
[EventDate "2022.04.15"]
[EventType "swiss"]
[EventRounds "7"]
[EventCountry "ENG"]
[SourceTitle "CBM 207 Extra"]
[Source "ChessBase"]
[SourceDate "2022.05.31"]
[SourceVersion "1"]
[SourceVersionDate "2022.05.31"]
[SourceQuality "1"]

1. e4 e6 2. d4 d5 3. Nd2 dxe4 4. Nxe4 Nd7 5. Bd3 Ngf6 6. Qe2 c5 7. Bg5 cxd4 8. 0-0-0 a6 9. Nf3 Be7 10. Nxd4 Nxe4 11. Bxe7 Qxe7 12. Bxe4 0-0 13. Rhe1 Nf6 14. Bf3 Qc7 15. g3 Bd7 16. Bg2 Rac8 17. f4 Rfd8 18. Qe5 Ba4 19. Qxc7 Rxc7 20. b3 Be8 21. Nf3 Rdc8 22. Rd2 Bc6 23. Red1 Kf8 24. Rd8+ Rxd8 25. Rxd8+ Ke7 26. Rd3 Be4 27. Rd2 Nd5 28. Ne1 Bxg2 29. Rxg2 h6 30. Kb2 g5 31. c4 Ne3 32. Re2 gxf4 33. gxf4 Nf5 34. Nd3 h5 35. a4 h4 36. a5 Rc8 37. Rg2 Kd6 38. Kc3 Rd8 39. Rg5 f6 40. Rg4 Rd7 41. Nf2 e5 42. Ne4+ Ke7 43. fxe5 fxe5 44. Rg5 Rd4 45. Rxf5 Rxe4 46. Rh5 Kd6 47. Rh6+ Kd7 48. Kb4 Re3 49. Rxh4 e4 50. Rh7+ Kc6 51. h4 Rh3 52. Rh6+ Kd7 53. h5 e3 54. Kc3 e2+ 55. Kd2 Re3 56. Ke1 Rxb3 57. Rb6 Rc3 58. Rxb7+ Kc6 59. Rb6+ Kc5 60. Rxa6 Rxc4 61. Rg6 Kb5 62. a6 Rc2 63. h6 Rc7 64. Kxe2 Ra7 65. Kf3 Ka5 66. Kg4 Rf7 67. Rg7 Rf1 68. Rg5+ Kb6 69. h7 Rg1+ 70. Kf5 Rh1 71. Kg6 1-0

[Event "Southend Easter op 64th"]
[Site "Southend"]
[Date "2022.04.15"]
[Round "1"]
[White "Foster, Timothy"]
[Black "Zapolskis, Antanas J"]
[Result "1/2-1/2"]
[WhiteElo "1872"]
[BlackElo "2265"]
[PlyCount "127"]
[EventDate "2022.04.15"]
[EventType "swiss"]
[EventRounds "7"]
[EventCountry "ENG"]
[SourceTitle "CBM 207 Extra"]
[Source "ChessBase"]
[SourceDate "2022.05.31"]
[SourceVersion "1"]
[SourceVersionDate "2022.05.31"]
[SourceQuality "1"]

1. Nf3 Nf6 2. c4 c6 3. g3 d5 4. Bg2 Bg4 5. Ne5 Bf5 6. cxd5 cxd5 7. Qa4+ Nbd7 8. Nc3 Be6 9. g4 a6 10. g5 b5 11. Qd4 Nxe5 12. Qxe5 Nd7 13. Qd4 Qb6 14. Qxb6 Nxb6 15. d3 b4 16. Be3 bxc3 17. Bxb6 cxb2 18. Rb1 h6 19. h4 hxg5 20. hxg5 Rxh1+ 21. Bxh1 Rc8 22. Kd2 Bd7 23. Bxd5 e6 24. Bc4 Bb4+ 25. Ke3 Ba3 26. Bd4 g6 27. Bxb2 Rb8 28. Bb3 Bxb2 29. Rxb2 Rb5 30. f4 e5 31. Rc2 exf4+ 32. Kxf4 Rf5+ 33. Kg4 Re5+ 34. Kf4 Rf5+ 35. Kg4 Rf1+ 36. Kg3 Rg1+ 37. Kf4 Rg4+ 38. Ke5 Ke7 39. Rc7 Rxg5+ 40. Kf4 Rf5+ 41. Ke4 Kd6 42. Ra7 a5 43. Ra6+ Bc6+ 44. Kd4 Kc7 45. e4 Rg5 46. Bxf7 Kb7 47. Bc4 a4 48. e5 Rf5 49. Kc5 Rxe5+ 50. Kd6 Bb5 51. Bxb5 Rxb5 52. Rxa4 g5 53. Rg4 Rb6+ 54. Ke5 Rg6 55. Kf5 Rd6 56. d4 Kc6 57. Kxg5 Kd5 58. Kf5 Ra6 59. Rg8 Kxd4 60. Rg2 Kc3 61. Ke4 Kb4 62. Kd3 Ka3 63. Kc3 Rc6+ 64. Kd3 1/2-1/2

[Event "Southend Easter op 64th"]
[Site "Southend"]
[Date "2022.04.15"]
[Round "2"]
[White "Zapolskis, Antanas J"]
[Black "Barker, Edward"]
[Result "1-0"]
[WhiteElo "2265"]
[BlackElo "1885"]
[PlyCount "55"]
[EventDate "2022.04.15"]
[EventType "swiss"]
[EventRounds "7"]
[EventCountry "ENG"]
[SourceTitle "CBM 207 Extra"]
[Source "ChessBase"]
[SourceDate "2022.05.31"]
[SourceVersion "1"]
[SourceVersionDate "2022.05.31"]
[SourceQuality "1"]

1. e4 d6 2. d4 Nf6 3. Nc3 Nbd7 4. g4 h6 5. f4 e5 6. dxe5 dxe5 7. g5 hxg5 8. fxg5 Ng8 9. Bc4 c6 10. Qf3 Qe7 11. Be3 Nb6 12. Bb3 Be6 13. 0-0-0 Bxb3 14. axb3 Rd8 15. Rxd8+ Kxd8 16. h4 Kc7 17. Qg3 Qe6 18. Nf3 f6 19. Nd4 Qf7 20. Rd1 Nd7 21. Ndb5+ Kd8 22. g6 Qe6 23. Nxa7 Bd6 24. Na4 Ne7 25. Bc5 Bc7 26. Bb6 Nc8 27. Nc5 Ncxb6 28. Nxe6+ 1-0

[Event "London Chess Classic blitz Knockout"]
[Site "London"]
[Date "2019.12.08"]
[Round "1.2"]
[White "Zapolskis, Antanas J"]
[Black "Rendle, Thomas E"]
[Result "1-0"]
[WhiteElo "2280"]
[BlackElo "2361"]
[PlyCount "47"]
[EventDate "2019.12.08"]
[EventType "k.o. (blitz)"]
[EventRounds "5"]
[EventCountry "ENG"]
[SourceTitle "CBM 195 Extra"]
[Source "ChessBase"]
[SourceDate "2020.05.31"]
[SourceVersion "1"]
[SourceVersionDate "2020.05.31"]
[SourceQuality "1"]

1. e4 e6 2. d4 d5 3. Nd2 Be7 4. Ngf3 Nf6 5. e5 Nfd7 6. Bd3 c5 7. c3 Nc6 8. 0-0 g5 9. dxc5 Ndxe5 10. Nxe5 Nxe5 11. Bc2 Bxc5 12. Nb3 Bb6 13. Qh5 h6 14. Nd4 Nc6 15. Ba4 Bd7 16. Bxc6 bxc6 17. f4 gxf4 18. Bxf4 c5 19. Bd6 Rh7 20. Rxf7 Rxf7 21. Rf1 Qg5 22. Qxf7+ Kd8 23. Qf8+ Be8 24. Nxe6+ 1-0

[Event "London Classic op 11th"]
[Site "London"]
[Date "2019.12.06"]
[Round "9"]
[White "Tanmay, Chopra"]
[Black "Zapolskis, Antanas J"]
[Result "1-0"]
[WhiteElo "2082"]
[BlackElo "2280"]
[PlyCount "83"]
[EventDate "2019.11.29"]
[EventType "swiss"]
[EventRounds "9"]
[EventCountry "ENG"]
[SourceTitle "CBM 193 Extra"]
[Source "ChessBase"]
[SourceDate "2020.01.31"]
[SourceVersion "1"]
[SourceVersionDate "2020.01.31"]
[SourceQuality "1"]

1. d4 d5 2. Nf3 Nf6 3. c4 c6 4. Qc2 a6 5. Nbd2 Nbd7 6. g3 e6 7. Bg2 Be7 8. 0-0 0-0 9. e4 dxe4 10. Nxe4 Nxe4 11. Qxe4 c5 12. Rd1 cxd4 13. Nxd4 Bf6 14. Be3 Qc7 15. Rac1 Nc5 16. Qb1 e5 17. Nb5 axb5 18. cxb5 Qa5 19. Bxc5 Re8 20. b6 Bg4 21. Re1 Bg5 22. b4 Qa6 23. b5 Qa5 24. Rc4 Be6 25. Rce4 Bf5 26. R1e2 Rac8 27. Qb4 Qxb4 28. Bxb4 Rc1+ 29. Re1 Bxe4 30. Bxe4 Rxe1+ 31. Bxe1 Re7 32. h4 Bc1 33. Bb4 Rd7 34. Bc6 Rd4 35. Bc3 Rd1+ 36. Kg2 Ba3 37. Bxb7 Bd6 38. a4 Rc1 39. a5 Bc5 40. Bxe5 Rc2 41. Be4 Rxf2+ 42. Kh3 1-0

[Event "London Classic op 11th"]
[Site "London"]
[Date "2019.12.05"]
[Round "8"]
[White "Zapolskis, Antanas J"]
[Black "De Coverly, Roger D"]
[Result "1-0"]
[WhiteElo "2280"]
[BlackElo "1974"]
[PlyCount "65"]
[EventDate "2019.11.29"]
[EventType "swiss"]
[EventRounds "9"]
[EventCountry "ENG"]
[SourceTitle "CBM 193 Extra"]
[Source "ChessBase"]
[SourceDate "2020.01.31"]
[SourceVersion "1"]
[SourceVersionDate "2020.01.31"]
[SourceQuality "1"]

1. d4 Nf6 2. Bg5 d5 3. c3 e6 4. Nd2 Be7 5. e3 h6 6. Bh4 Nbd7 7. Ngf3 0-0 8. Bd3 c5 9. 0-0 b6 10. Ne5 Nxe5 11. dxe5 Nd7 12. Bxe7 Qxe7 13. f4 Bb7 14. Qh5 f5 15. g4 Qe8 16. Qh4 c4 17. Bc2 Qg6 18. h3 h5 19. Kf2 hxg4 20. Rg1 Nc5 21. hxg4 Ne4+ 22. Ke2 Qh7 23. Qxh7+ Kxh7 24. gxf5 exf5 25. Nf3 Rae8 26. Rg2 Kg8 27. Rag1 Re7 28. Bxe4 dxe4 29. Nh4 Rd7 30. e6 Rc7 31. Ng6 Re8 32. Rh2 Rxe6 33. Rh8+ 1-0

[Event "GBR-ch 106th"]
[Site "Torquay"]
[Date "2019.07.30"]
[Round "4"]
[White "Zapolskis, Antanas J"]
[Black "Williams, Simon Kim"]
[Result "0-1"]
[WhiteElo "2290"]
[BlackElo "2468"]
[PlyCount "98"]
[EventDate "2019.07.27"]
[EventType "swiss"]
[EventRounds "9"]
[EventCountry "ENG"]
[SourceTitle "CBM 191 Extra"]
[Source "ChessBase"]
[SourceDate "2019.09.30"]
[SourceVersion "1"]
[SourceVersionDate "2019.09.30"]
[SourceQuality "1"]

1. e4 g6 2. d4 Bg7 3. Nc3 d6 4. Be3 a6 5. a4 b6 6. Qd2 Bb7 7. f3 Nf6 8. Bh6 Bxh6 9. Qxh6 e5 10. dxe5 dxe5 11. Bc4 Nbd7 12. Nh3 Ng8 13. Qe3 Qh4+ 14. Nf2 Qh6 15. Qe2 Ngf6 16. 0-0 Qf8 17. Nd3 Qe7 18. f4 0-0 19. Nd5 Nxd5 20. exd5 e4 21. f5 Rae8 22. Rae1 Nf6 23. Kh1 Qd6 24. Nf4 a5 25. Bb5 Re5 26. fxg6 hxg6 27. c4 Kg7 28. Qf2 Rh8 29. Qg3 Bc8 30. h3 Rf5 31. Ne2 Rxf1+ 32. Rxf1 Qxg3 33. Nxg3 Rh4 34. Re1 Kf8 35. Kg1 Ke7 36. Kf2 Kd6 37. Ke3 Ke5 38. Nf1 Nd7 39. Kf2 f5 40. Nd2 Kd6 41. Nf3 Rh8 42. Ng5 Ne5 43. c5+ bxc5 44. g3 c4 45. Ke3 Kxd5 46. Rd1+ Kc5 47. Ba6 Bxa6 48. Ne6+ Kb6 49. Rd5 Nd3 0-1

[Event "GBR-ch 106th"]
[Site "Torquay"]
[Date "2019.07.27"]
[Round "1"]
[White "Howell, David"]
[Black "Zapolskis, Antanas J"]
[Result "1-0"]
[WhiteElo "2697"]
[BlackElo "2290"]
[PlyCount "77"]
[EventDate "2019.07.27"]
[EventType "swiss"]
[EventRounds "9"]
[EventCountry "ENG"]
[SourceTitle "CBM 191 Extra"]
[Source "ChessBase"]
[SourceDate "2019.09.30"]
[SourceVersion "1"]
[SourceVersionDate "2019.09.30"]
[SourceQuality "1"]

1. d4 d5 2. Nf3 c6 3. Bf4 Nf6 4. e3 Bf5 5. c4 e6 6. Qb3 Qb6 7. c5 Qxb3 8. axb3 Bxb1 9. Rxb1 Nbd7 10. b4 a6 11. h3 Ne4 12. Bd3 Be7 13. Ke2 0-0 14. g4 f6 15. h4 e5 16. Bh2 f5 17. Nxe5 Nxe5 18. Bxe5 fxg4 19. Bxe4 dxe4 20. h5 a5 21. Rbg1 axb4 22. Rxg4 Bf6 23. Bxf6 Rxf6 24. Rxe4 Ra2 25. Rb1 Rf5 26. Re7 Rf7 27. Re8+ Rf8 28. Re7 Rf7 29. Re5 Kf8 30. f4 Rf6 31. Kd3 g6 32. h6 Rf5 33. Rxf5+ gxf5 34. Kc4 Ra8 35. Rg1 Re8 36. Rg5 Rxe3 37. Rxf5+ Kg8 38. Rg5+ Kh8 39. Re5 1-0

[Event "Nottingham 4NCL op 20th"]
[Site "Nottingham"]
[Date "2018.09.30"]
[Round "5"]
[White "Willow, Jonah B"]
[Black "Zapolskis, Antanas J"]
[Result "0-1"]
[WhiteElo "2271"]
[BlackElo "2277"]
[PlyCount "80"]
[EventDate "2018.09.28"]
[EventType "swiss"]
[EventRounds "5"]
[EventCountry "ENG"]
[SourceTitle "CBM 186 Extra"]
[Source "ChessBase"]
[SourceDate "2018.08.24"]
[SourceVersion "1"]
[SourceVersionDate "2018.08.24"]
[SourceQuality "1"]

1. e4 c5 2. Nf3 Nc6 3. d4 cxd4 4. Nxd4 Nf6 5. Nc3 e5 6. Ndb5 d6 7. Bg5 a6 8. Na3 b5 9. Nd5 Be7 10. Bxf6 Bxf6 11. c4 0-0 12. cxb5 Nd4 13. bxa6 Bg5 14. Bd3 Qa5+ 15. Nc3 Bxa6 16. 0-0 Rab8 17. Bxa6 Qxa6 18. Rb1 Rfc8 19. Qg4 h6 20. Rfd1 Rc7 21. Nd5 Rcb7 22. h4 Bd8 23. h5 Bg5 24. Rxd4 exd4 25. f4 Bd8 26. f5 Bg5 27. f6 d3 28. Ne7+ Kf8 29. e5 Qxa3 30. bxa3 Rxb1+ 31. Kh2 d2 32. Ng6+ Kg8 33. Ne7+ Kh8 34. Ng6+ fxg6 35. fxg7+ Kxg7 36. Qd7+ Kh8 37. hxg6 R1b7 38. Qg4 dxe5 39. Qe2 Re8 40. Qh5 Rd8 0-1

[Event "Nottingham 4NCL op 20th"]
[Site "Nottingham"]
[Date "2018.09.28"]
[Round "1"]
[White "Fletcher, John T"]
[Black "Zapolskis, Antanas J"]
[Result "0-1"]
[WhiteElo "2002"]
[BlackElo "2277"]
[PlyCount "58"]
[EventDate "2018.09.28"]
[EventType "swiss"]
[EventRounds "5"]
[EventCountry "ENG"]
[SourceTitle "CBM 186 Extra"]
[Source "ChessBase"]
[SourceDate "2018.08.24"]
[SourceVersion "1"]
[SourceVersionDate "2018.08.24"]
[SourceQuality "1"]

1. d4 b5 2. e4 Bb7 3. Bxb5 Bxe4 4. Nf3 c6 5. Nc3 Bxf3 6. Qxf3 e6 7. d5 exd5 8. 0-0 Nf6 9. Bg5 Be7 10. Bd3 0-0 11. Qh3 g6 12. Rae1 d6 13. Qh4 Nbd7 14. f4 Re8 15. Rf3 Qb6+ 16. Kf1 Bf8 17. Rxe8 Rxe8 18. Nd1 Qa5 19. c3 Bg7 20. f5 Ne4 21. fxg6 hxg6 22. Re3 f5 23. g4 fxg4 24. Bxe4 dxe4 25. Qxg4 Qf5+ 26. Qxf5 gxf5 27. h4 d5 28. Rg3 Kh7 29. Bf4 Be5 0-1

[Event "GBR-ch 105th"]
[Site "Hull"]
[Date "2018.08.02"]
[Round "6"]
[White "Krzyzanowski, Patryk"]
[Black "Zapolskis, Antanas J"]
[Result "0-1"]
[WhiteElo "2087"]
[BlackElo "2283"]
[PlyCount "38"]
[EventDate "2018.07.28"]
[EventType "swiss"]
[EventRounds "9"]
[EventCountry "ENG"]
[SourceTitle "CBM 185 Extra"]
[Source "ChessBase"]
[SourceDate "2018.07.29"]
[SourceVersion "1"]
[SourceVersionDate "2018.07.29"]
[SourceQuality "1"]

1. d4 b5 2. e4 a6 3. a4 Bb7 4. axb5 axb5 5. Rxa8 Bxa8 6. d5 Nf6 7. Qd4 c5 8. Qxc5 Nxe4 9. Qxb5 Nd6 10. Qb3 e6 11. Bf4 Bxd5 12. c4 Bc6 13. Nf3 Bxf3 14. Qxf3 Nc6 15. Qd1 Ne4 16. Bd3 Bb4+ 17. Nd2 Qf6 18. 0-0 Nc5 19. Ne4 Qxf4 0-1

[Event "GBR-ch 105th"]
[Site "Hull"]
[Date "2018.07.30"]
[Round "3"]
[White "Zapolskis, Antanas J"]
[Black "Thurlow, Kevin J"]
[Result "1-0"]
[WhiteElo "2283"]
[BlackElo "2030"]
[PlyCount "35"]
[EventDate "2018.07.28"]
[EventType "swiss"]
[EventRounds "9"]
[EventCountry "ENG"]
[SourceTitle "CBM 185 Extra"]
[Source "ChessBase"]
[SourceDate "2018.07.29"]
[SourceVersion "1"]
[SourceVersionDate "2018.07.29"]
[SourceQuality "1"]

1. e4 c5 2. Nf3 e6 3. d4 cxd4 4. Nxd4 Nc6 5. Nc3 Qc7 6. g3 a6 7. Bg2 Nf6 8. Nb3 Be7 9. a4 0-0 10. 0-0 Rb8 11. a5 Bb4 12. Bg5 Nxa5 13. e5 Ne8 14. Nxa5 Bxa5 15. Ne4 f5 16. exf6 Nxf6 17. Nxf6+ gxf6 18. Bf4 1-0

[Event "GBR-ch 105th"]
[Site "Hull"]
[Date "2018.07.29"]
[Round "2"]
[White "Maroroa, Sue Yuchan"]
[Black "Zapolskis, Antanas J"]
[Result "1-0"]
[WhiteElo "2104"]
[BlackElo "2283"]
[PlyCount "179"]
[EventDate "2018.07.28"]
[EventType "swiss"]
[EventRounds "9"]
[EventCountry "ENG"]
[SourceTitle "CBM 185 Extra"]
[Source "ChessBase"]
[SourceDate "2018.07.29"]
[SourceVersion "1"]
[SourceVersionDate "2018.07.29"]
[SourceQuality "1"]

1. e4 c5 2. Nf3 Nc6 3. c3 d6 4. d4 Nf6 5. d5 Nb8 6. Bd3 g6 7. Bf4 Bg7 8. Qd2 Bg4 9. Bb5+ Nbd7 10. e5 Ne4 11. Qe3 Bxf3 12. e6 0-0 13. gxf3 Nef6 14. Bxd7 Nxd5 15. Qd2 Nxf4 16. Qxf4 Kh8 17. Qe4 Qb6 18. Qe2 fxe6 19. Na3 e5 20. 0-0-0 Qc7 21. Be6 a6 22. h4 Rf6 23. Qc4 Rxf3 24. h5 Bh6+ 25. Kb1 g5 26. Nc2 Rf4 27. Qd5 Qc6 28. Qd2 Raf8 29. Rh2 R8f6 30. Bd5 Qc7 31. Ne3 Qd7 32. f3 Rf8 33. Ng4 Kg7 34. Qd3 c4 35. Qc2 Rh8 36. Rg2 e6 37. Be4 Qe7 38. Bxh7 Rxh7 39. Qg6+ Kf8 40. Nxh6 Rg7 41. Qc2 Rxf3 42. Qe2 Rf4 43. Ng4 Rgf7 44. Rgg1 Qc7 45. Qd2 d5 46. Qe3 R7f5 47. Qa7 Rf7 48. Nh6 Rg7 49. Ng4 Rgf7 50. Ka1 Kg7 51. Rde1 e4 52. Qd4+ Kh7 53. Ne5 Rg7 54. Ng6 Rf5 55. a3 Kh6 56. Rh1 b6 57. Ref1 Qc5 58. Qd2 Rgf7 59. Rfg1 Qf2 60. Qd1 Qc5 61. Qa4 Qb5 62. Qd1 e5 63. Qc1 d4 64. Nh4 Rf4 65. Ng6 d3 66. Rxg5 Kxg5 67. Nxf4 exf4 68. Qg1+ Kf6 69. Qg6+ Ke7 70. Qxe4+ Kd6 71. Qg6+ Ke7 72. Re1+ Kf8 73. Qh6+ Rg7 74. Qh8+ Kf7 75. h6 Rg3 76. Qh7+ Kf8 77. Qe7+ Kg8 78. h7+ Kh8 79. Qf6+ Rg7 80. Qxf4 Qd5 81. Qh4 Qf7 82. Qd8+ Kxh7 83. Rh1+ Kg6 84. Rg1+ Kh7 85. Rh1+ Kg6 86. Qd6+ Qf6 87. Rh6+ Kxh6 88. Qxf6+ Rg6 89. Qh4+ Kg7 90. Qxc4 1-0

[Event "London Classic Super rapid 8th"]
[Site "London"]
[Date "2016.12.17"]
[Round "5"]
[White "Zapolskis, Antanas J"]
[Black "Gallagher, Joseph G"]
[Result "0-1"]
[WhiteElo "2294"]
[BlackElo "2522"]
[PlyCount "140"]
[EventDate "2016.12.17"]
[EventType "swiss (rapid)"]
[EventRounds "10"]
[EventCountry "ENG"]
[SourceTitle "CBM 176 Extra"]
[Source "ChessBase"]
[SourceDate "2017.03.02"]
[SourceVersion "1"]
[SourceVersionDate "2017.03.02"]
[SourceQuality "1"]

1. e4 c5 2. Nf3 d6 3. d4 cxd4 4. Nxd4 Nf6 5. Nc3 a6 6. Bc4 e6 7. Bb3 b5 8. 0-0 Be7 9. Qf3 Qb6 10. Be3 Qb7 11. Qg3 b4 12. Nf5 bxc3 13. Nxg7+ Kd8 14. e5 dxe5 15. Rad1+ Bd7 16. Qxe5 Rg8 17. Bh6 Ng4 18. Qh5 Nxh6 19. Qxh6 Bf8 20. Qf6+ Kc8 21. Qxf7 Qxg2+ 22. Kxg2 Rxg7+ 23. Qxg7 Bxg7 24. bxc3 Nc6 25. Rd3 Kc7 26. Rfd1 Ne5 27. Rg3 Bf6 28. a4 a5 29. Re3 Rg8+ 30. Rg3 Rf8 31. Rd4 Bc6+ 32. Kf1 Ng6 33. Rd2 Be5 34. Rh3 Bg2+ 35. Kxg2 Nf4+ 36. Kf1 Nxh3 37. Bxe6 Nf4 38. Rd7+ Kc6 39. Bg4 h5 40. Re7 hxg4 41. Rxe5 Nh3 42. Re2 Rf4 43. Kg2 Rxa4 44. Re5 Kd6 45. Rb5 Nf4+ 46. Kg3 Ne2+ 47. Kg2 Nxc3 48. Rb8 Nd5 49. Kg3 Rc4 50. Ra8 a4 51. f3 gxf3 52. Kxf3 Kc5 53. Ra5+ Kc6 54. h3 Kd6 55. Kg3 Rc3+ 56. Kg4 a3 57. h4 Ne3+ 58. Kf4 Nxc2 59. h5 Rc4+ 60. Kf3 Kc6 61. Kg3 Rc5 62. Ra8 Rxh5 63. Rc8+ Kb5 64. Rxc2 Rf5 65. Kg4 Rf8 66. Rc7 Ra8 67. Rb7+ Kc6 68. Rb1 a2 69. Ra1 Kc5 70. Kf3 Kc4 0-1

[Event "WchT Seniors 50"]
[Site "Vilnius"]
[Date "2014.07.21"]
[Round "9.3"]
[White "Zapolskis, Antanas J"]
[Black "Rastenis, Gediminas"]
[Result "0-1"]
[WhiteElo "2297"]
[BlackElo "2333"]
[PlyCount "82"]
[EventDate "2014.07.13"]
[EventType "team-swiss"]
[EventRounds "9"]
[EventCountry "LTU"]
[SourceTitle "CBM 161 Extra"]
[Source "ChessBase"]
[SourceDate "2014.08.29"]
[SourceVersion "1"]
[SourceVersionDate "2014.08.29"]
[SourceQuality "1"]
[WhiteTeam "Lithuania Maccabi"]
[BlackTeam "Lithuania Logika"]
[WhiteTeamCountry "LTU"]
[BlackTeamCountry "LTU"]

1. e4 c5 2. Nf3 e6 3. b4 cxb4 4. d4 d5 5. e5 Ne7 6. Bd3 Nec6 7. 0-0 Be7 8. c4 b6 9. Be3 Na5 10. cxd5 exd5 11. a3 Nbc6 12. Nfd2 0-0 13. Qh5 g6 14. Qh6 f5 15. Nf3 Rf7 16. Ng5 Rg7 17. f4 Bxg5 18. fxg5 Nb3 19. Ra2 Nbxd4 20. axb4 Ne6 21. g4 f4 22. Bxf4 Nxb4 23. Qh3 Nxa2 24. Bd2 a5 25. Rf6 Nb4 26. Bb5 Bd7 27. Nc3 Qc7 28. Bxd7 Qxd7 29. Qf1 Rc8 30. Nb5 Rc4 31. Nd6 Rxg4+ 32. Kh1 Nc6 33. Qf3 Rd4 34. Bc3 Ra4 35. Qxd5 Ncd8 36. Kg1 Rf7 37. Qb3 Rxf6 38. gxf6 Rg4+ 39. Kf2 Qc6 40. Bd2 Rg2+ 41. Ke1 Qc5 0-1

[Event "WchT Seniors 50"]
[Site "Vilnius"]
[Date "2014.07.19"]
[Round "7.3"]
[White "Khmiadashvili, Tamari"]
[Black "Zapolskis, Antanas J"]
[Result "0-1"]
[WhiteElo "2076"]
[BlackElo "2297"]
[PlyCount "58"]
[EventDate "2014.07.13"]
[EventType "team-swiss"]
[EventRounds "9"]
[EventCountry "LTU"]
[SourceTitle "CBM 161 Extra"]
[Source "ChessBase"]
[SourceDate "2014.08.29"]
[SourceVersion "1"]
[SourceVersionDate "2014.08.29"]
[SourceQuality "1"]
[WhiteTeam "Georgia (W)"]
[BlackTeam "Lithuania Maccabi"]
[WhiteTeamCountry "GEO"]
[BlackTeamCountry "LTU"]

1. c4 e5 2. Nc3 Nc6 3. g3 g6 4. Bg2 Bg7 5. d3 f5 6. e3 Nf6 7. Nge2 0-0 8. 0-0 d6 9. d4 e4 10. Nf4 Ne7 11. d5 g5 12. Nh5 Nxh5 13. Qxh5 Ng6 14. Qd1 Ne5 15. Qb3 Qe8 16. f4 exf3 17. Bxf3 Nxf3+ 18. Rxf3 f4 19. Nb5 Bg4 20. exf4 a6 21. Nxc7 Qe1+ 22. Kg2 Qe2+ 23. Rf2 Qe4+ 24. Rf3 Rac8 25. Ne6 Bxe6 26. Qe3 Bf5 27. h3 Rxc4 28. g4 gxf4 29. Qxf4 Rc2+ 0-1